000 01095cam a2200349M 4500
001 95032
005 20230411090053.0
008 080122s2006 sp 000 0 spa d
035 _a(OCoLC)ocn433364763
040 _aBNM
_erdc
_bspa
_cBNM
015 _aMON0801
017 _aB 31229-2006
020 _a9788461122882
020 _a8461122887
035 _a(OCoLC)433364763
080 _a620.92(460)
080 _a338.45(460):620.9
049 _aGRAL
245 0 4 _aLas energías renovables en España
_b: diagnóstico y perspectivas
_c[autor, CENER].
250 _a1a. ed.
260 _aBarcelona
_bFundación Gas Natural
_c2006.
300 _aXII, 362 p.
_bil. col., gráf.
_c22 x 20 cm.
490 1 _aGuías técnicas de energía y medio ambiente
_v8
500 _aÍndices.
650 7 _aRecursos energéticos renovables
_zEspaña.
650 7 _aIndustria energética
_zEspaña.
710 2 _aCentro Nacional de Energías Renovables (España)
830 0 _aGuías técnicas de energía y medio ambiente ;
_v8.
942 _2lcc
_cbk
994 _aC0
_bDRFGD
946 _aYM
999 _c111958
_d111958